|
|
|
|
| LEADER |
00000cam a2200000 7i4500 |
| 001 |
0000014910 |
| 005 |
20230705.0 |
| 008 |
050128 my eng |
| 020 |
|
|
|a 9679788113 (pbk)
|
| 040 |
|
|
|a INS
|
| 090 |
0 |
0 |
|a ZA4201
|b .O22 2002
|
| 100 |
1 |
|
|a O'Daniel, Maria
|
| 245 |
1 |
0 |
|a Instant genius! internet research
|c Maria O'Daniel
|
| 260 |
|
|
|a Subang Jaya :
|b Pelanduk Publications (M) Sdn. Bhd. ,
|c 2002
|
| 300 |
|
|
|a 96 p. :
|b ill. ;
|c 22 cm.
|
| 500 |
|
|
|a Includes index
|
| 650 |
|
0 |
|a Computer network resources
|
| 650 |
|
0 |
|a Internet searching
|
| 650 |
|
0 |
|a Web search engines
|
| 999 |
|
|
|a 0000009957
|b BOOK
|c Open Shelf
|e Default branch
|